000 00526nam a22001577a 4500
999 _c6693
_d6693
008 170426b xxu||||| |||| 00| 0 eng d
022 _a0119-9000
082 _aDPer 641.505 C77 Jan-June 2013 v.13-14
100 _920276
_ade la Cuesta, Danny
245 _aNatural or organic food?:
_byou are what you eat/
_cDanny de la Cuesta.
260 _aPhilippines:
_bUBM Medica,
_c©Jan-June 2013.
300 _av13 n10, pages 8-9:
_billustrations;
_c29 cm.
500 _aCook.
650 0 _920277
_aFood
_xOrganic
942 _2ddc
_cPER